Ir para o conteúdo

Информационные технологии на транспорте. Конспект лекций для студентов очного и заочного обучения специальности 190700 «Технология транспортных процессов»

Конспект лекций написан в соответствии с рабочей программой дисциплины «Информационные технологии на транспорте». Он содержит теоретический материал для освоения курса «Информационные технологии на транспорте» студентами очного и заочного отделения специальности 190700 «Технологии транспортных проце...

ver descrição completa

Na minha lista:
Detalhes bibliográficos
Autor principal: Альпидовский А. Д.
Formato: Книга
Idioma:Russian
Publicado em: Нижний Новгород ВГУВТ 2015
Acesso em linha:http://e.lanbook.com/books/element.php?pl1_id=72452
https://e.lanbook.com/img/cover/book/72452.jpg
Tags: Adicionar Tag
Sem tags, seja o primeiro a adicionar uma tag!
LEADER 01715nam0a2200241 i 4500
001 72452
003 RuSpLAN
005 20221220173946.0
008 221220s2015 ru gs 000 0 rus
040 |a RuSpLAN 
041 0 |a rus 
044 |a ru 
080 |a 004.7 
245 0 0 |a Информационные технологии на транспорте. Конспект лекций для студентов очного и заочного обучения специальности 190700 «Технология транспортных процессов»  |c Альпидовский А. Д. 
260 |a Нижний Новгород  |b ВГУВТ  |c 2015 
300 |a 76 с. 
504 |a Библиогр.: доступна в карточке книги, на сайте ЭБС Лань 
520 8 |a Конспект лекций написан в соответствии с рабочей программой дисциплины «Информационные технологии на транспорте». Он содержит теоретический материал для освоения курса «Информационные технологии на транспорте» студентами очного и заочного отделения специальности 190700 «Технологии транспортных процессов». 
521 8 |a Книга из коллекции ВГУВТ - Инженерно-технические науки 
100 1 |a Альпидовский А. Д. 
856 4 |u http://e.lanbook.com/books/element.php?pl1_id=72452 
856 4 8 |u https://e.lanbook.com/img/cover/book/72452.jpg 
953 |a https://e.lanbook.com/img/cover/book/72452.jpg